000 00498 a2200145 4500
082 _aBEE-5
100 _aHaroon Ahmed Saeed
_992918
245 _aMIPS 32 bit implementation on FPGA
_cHaroon Ahmed Saeed
260 _aIslamabad
_bNUST-SEECS
_c2012
300 _a70p.
_b;ill.
_c;27cm.+
_eCD ROM
500 _aSupervisors: Mr. Nasir Mahmood, Dr. Zahid Anwar
700 _aHafiz Muhammad Umar Shehzad
_992919
856 _uhttp://10.250.8.41:8080/xmlui/handle/123456789/10820
942 _cPR
_kBEE-5 HAR
_2ddc
999 _c11308
_d11308